[Event "FRA-chT2S 9798"]
[Site "France"]
[Date "1998.??.??"]
[Round "6"]
[White "Belin, Lionel"]
[Black "Montella, Laurent"]
[Result "1-0"]
[WhiteElo "2180"]
[BlackElo "2050"]
[PlyCount "43"]
[EventDate "1997.??.??"]
[EventType "team"]
[EventRounds "9"]
[EventCountry "FRA"]
[SourceTitle "EXT 2003"]
[Source "ChessBase"]
[SourceDate "2002.11.25"]
[SourceVersion "1"]
[SourceVersionDate "2002.11.25"]
[SourceQuality "1"]

1. e4 d6 2. d4 c6 3. f4 Qc7 4. c4 Nd7 5. Nc3 e5 6. Nf3 Be7 7. Be3 Ngf6 8. Qd2 0-0 9. Be2 a5 10. h3 a4 11. 0-0 Qa5 12. d5 cxd5 13. exd5 exf4 14. Bxf4 Nc5 15. Bd3 Nxd3 16. Qxd3 b5 17. Nd4 b4 18. Nce2 Ba6 19. Qf3 Qb6 20. Be3 Qb7 21. Rf2 Rae8 22. Nf5 1-0

[Event "FRA-chT2S 9798"]
[Site "France"]
[Date "1998.??.??"]
[Round "10"]
[White "Blanc, Sebastien"]
[Black "Montella, Laurent"]
[Result "1-0"]
[WhiteElo "2080"]
[BlackElo "2050"]
[PlyCount "59"]
[EventDate "1997.??.??"]
[EventType "team"]
[EventRounds "9"]
[EventCountry "FRA"]
[SourceTitle "EXT 2003"]
[Source "ChessBase"]
[SourceDate "2002.11.25"]
[SourceVersion "1"]
[SourceVersionDate "2002.11.25"]
[SourceQuality "1"]

1. d4 d6 2. g3 Nf6 3. Bg2 c6 4. Nf3 Nbd7 5. 0-0 e5 6. dxe5 dxe5 7. c4 Be7 8. Nc3 0-0 9. Qc2 a5 10. b3 Qc7 11. Bb2 Re8 12. Nd1 Bc5 13. Nc3 Nf8 14. Na4 Ba7 15. c5 Bg4 16. h3 Bh5 17. Nh4 Bg6 18. Nxg6 Nxg6 19. Rad1 Re6 20. h4 Rf8 21. Bh3 Re7 22. Bf5 Rfe8 23. Qd2 Bb8 24. e4 Nf8 25. Bc3 Ne6 26. Bxa5 Nd4 27. Bxc7 Nf3+ 28. Kg2 Nxd2 29. Bxb8 Nxf1 30. Bd6 1-0

[Event "FRA-chT2S 9798"]
[Site "France"]
[Date "1998.??.??"]
[Round "7"]
[White "Husson, Cybele"]
[Black "Montella, Laurent"]
[Result "0-1"]
[WhiteElo "2060"]
[BlackElo "2050"]
[PlyCount "92"]
[EventDate "1997.??.??"]
[EventType "team"]
[EventRounds "9"]
[EventCountry "FRA"]
[SourceTitle "EXT 2003"]
[Source "ChessBase"]
[SourceDate "2002.11.25"]
[SourceVersion "1"]
[SourceVersionDate "2002.11.25"]
[SourceQuality "1"]

1. e4 e6 2. Qe2 Ne7 3. g3 d5 4. d3 c6 5. Bg2 Ng6 6. Nd2 Be7 7. Ngf3 Nd7 8. h4 h6 9. h5 Ngf8 10. Nh4 Nh7 11. Nb3 Qc7 12. Be3 Nhf6 13. f4 Nb6 14. e5 Nh7 15. Nf3 c5 16. 0-0 Bd7 17. c3 0-0-0 18. Qf2 Na4 19. d4 c4 20. Nc5 f5 21. Rfc1 Nf8 22. Nxd7 Rxd7 23. b3 Nb6 24. bxc4 Nxc4 25. Nd2 g5 26. Nxc4 Qxc4 27. Bf1 Qa4 28. c4 Kb8 29. cxd5 exd5 30. Bd3 gxf4 31. Bxf4 Ne6 32. Bxf5 Nxf4 33. Bxd7 Qxd7 34. Qxf4 Bg5 35. e6+ Bxf4 36. exd7 Bxc1 37. Rxc1 Rd8 38. Rc8+ Rxc8 39. dxc8Q+ Kxc8 40. Kf2 Kd7 41. Ke3 Ke6 42. Kd3 Kf5 43. a4 Kg4 44. a5 Kxg3 45. Kc3 Kf4 46. Kb4 Ke4 0-1